[Event "Speed Chess Championship 2020"]
[Site "Online"]
[Date "2020.12.05"]
[Round "2.14"]
[White "Artemiev, Vladislav"]
[Black "Carlsen, Magnus"]
[Result "0-1"]
[WhiteElo "2708"]
[BlackElo "2862"]
[Annotator "TA"]
[PlyCount "152"]
[EventDate "2020.10.31"]
[EventType "k.o."]
[EventCountry "NET"]
[SourceTitle "playchess.com"]
[Source "ChessBase"]
[SourceQuality "1"]

{[%evp 9,152,-8,0,-15,3,10,5,-25,-28,-40,-30,-27,-31,-39,-25,-27,-25,-33,-24,-38,-28,-21,0,-20,-14,-13,-7,-10,-14,-35,-19,-51,-50,-54,-52,-53,-18,-27,0,0,0,-56,-43,-58,-65,-117,0,0,129,104,97,97,127,135,405,421,422,425,369,298,618,613,577,542,539,526,577,710,696,679,718,718,718,717,703,685,616,616,811,749,1036,729,707,707,664,624,887,877,855,810,1230,1108,1008,935,5365,5365,5365,5453,2501,2416,1981,1970,5639,5357,5147,5057,4439,3991,2995,2475,1085,242,241,241,234,238,245,227,217,215,214,0,0,-131,-131,-132,-132,-132,-132,-132,-132,-132,-132,-132,-132,-132,-131,-132,-131,-131,-131,-29991,-29991,-29993,-29994]} 1. b3 d5 2. Bb2 c6 3. e3 Nf6 4. Be2 Bf5 5. g4 Be4 {[#]} 6. Bf3 $146 {A01: Nimzowitsch-Larsen Opening.} ({Predecessor:} 6. f3 Bg6 7. h4 h5 8. g5 Nfd7 9. f4 Qc7 10. Nf3 e6 11. c4 Na6 12. cxd5 {1-0 (77) Trent,L (2445)-Hoolt,S (2439) Lueneburg 2017}) 6... h6 7. Bxe4 Nxe4 8. Ne2 {The position is equal.} (8. d3 {feels hotter.} Nf6 9. Nd2 c5 10. Qf3 Nc6 11. O-O-O) 8... Nd7 9. Ng3 Nxg3 10. hxg3 e5 11. d3 Bd6 12. Nd2 Qe7 13. Qe2 O-O-O 14. O-O-O Ba3 15. e4 d4 16. Nc4 Bxb2+ 17. Kxb2 b5 18. Nd2 a5 19. Rc1 Kb7 20. c3 Nc5 21. Nf3 $1 {Threatening cxd4.} dxc3+ 22. Rxc3 {And now Rhc1 would win.} b4 23. Rc2 Nxd3+ 24. Kb1 Rd7 {[#]} 25. Nd2 (25. g5 $1 $11 {[%mdl 512]}) 25... Rhd8 $15 26. Nc4 Qc5 27. Rh5 (27. Qe3 $15) 27... f6 ({Black should play} 27... Qa7 $1 $17 28. Nxe5 Nxe5 29. Rxe5 Rd1+ 30. Rc1 Rxc1+ 31. Kxc1 Qd4 32. Rxa5 Qa1+ 33. Kc2 Qc3+ 34. Kb1 Kb8) 28. Nxe5 $1 $11 {[%mdl 64] Discovered Attack} Qxe5 (28... Qxc2+ $1 $11 {remains equal.} 29. Kxc2 fxe5) 29. Rxe5 $16 Nxe5 30. f4 $36 {[%mdl 2048] White is really pushing.} Rd1+ 31. Rc1 Rxc1+ $4 {[%mdl 8192]} (31... R1d2 $16 32. Qe3 Rg2) 32. Kxc1 {[%mdl 4096] Endgame KQ-KRN} Nd3+ 33. Kc2 Nc5 34. e5 {exf6 is the strong threat.} Re8 $2 (34... Kc7 35. exf6 gxf6 36. Qe7+ Nd7) 35. Qc4 $18 {Black must now prevent Qf7+.} Ne6 {If Black can now play ...fxe5 this consolidates a bit.} 36. f5 Nc7 37. e6 Nd5 38. Qc5 Rd8 39. Kd2 Nc7+ 40. Ke2 Nd5 41. Qxa5 Ra8 42. Qc5 Rxa2+ 43. Kf3 Ra1 44. Qf8 Kb6 45. Qxg7 Ra3 46. Qxh6 Rxb3+ 47. Kg2 Rb2+ 48. Kh3 Re2 49. Qf8 Kb5 {[#]} 50. g5 $1 {[%mdl 64] Promotion} fxg5 51. f6 Rxe6 52. f7 Rf6 53. Qb8+ Kc4 54. f8=Q Rxf8 55. Qxf8 b3 56. Qe8 Nb4 57. Qe6+ Kc3 58. Qe5+ Kc4 59. Kg4 c5 60. Kxg5 $2 (60. Qe6+ Kc3 61. Qf6+ Kc4 62. Qe6+ Kc3 63. Qf6+ Kc4 64. Kf5) 60... Nd3 {[#]} 61. Qa1 $1 {Cut Off at move 61} b2 {[#]} 62. Qb1 $1 Kc3 63. g4 Kd2 64. Kf5 c4 65. g5 $2 ({White has to play} 65. Ke4 $18 {Hoping for Kd4.} Nf2+ 66. Kd4) 65... c3 $11 {Strongly threatening ...c2.} 66. g6 (66. Qh1 $11) 66... c2 $17 67. Qxc2+ Kxc2 {KN-KP} 68. g7 b1=Q {( -> ...Qb3)} 69. g8=Q Qb5+ 70. Kg6 Nf4+ 71. Kf6 Nd5+ 72. Ke6 Qc6+ 73. Ke5 Qc3+ 74. Kd6 Qb4+ 75. Kc6 $2 {[%mdl 8192]} (75. Ke5 $17) 75... Qb6+ 76. Kd7 Nf6+ {[%mdl 64] Double Attack. What a bad dream for White.  Weighted Error Value: White=0.33/Black=0.41} 0-1

[Event "Speed Chess Championship 2020"]
[Site "Online"]
[Date "2020.12.04"]
[Round "2.14"]
[White "Fedoseev, Vladimir"]
[Black "Nakamura, Hikaru"]
[Result "1-0"]
[WhiteElo "2676"]
[BlackElo "2736"]
[Annotator "TA"]
[PlyCount "67"]
[EventDate "2020.10.31"]
[EventType "k.o."]
[EventCountry "NET"]
[SourceTitle "playchess.com"]
[Source "ChessBase"]
[SourceQuality "1"]

{[%evp 10,67,24,16,8,9,8,11,11,10,8,10,15,19,35,16,13,13,21,13,4,-22,0,0,0,0,0,0,0,0,0,-8,-9,-18,-8,-19,-17,-26,-11,-11,-17,-13,-18,-62,-37,-43,53,5,381,392,557,572,571,571,569,568,550,546,688,678]} 1. e4 e5 2. Nf3 Nc6 3. Bc4 Bc5 4. c3 Nf6 5. d3 d6 6. O-O a5 {6...h6 is the modern continuation. C54: Giuoco Piano: 4 c3 Nf6, main lines with 5 d4 and 5 d3.} 7. Re1 h6 8. Nbd2 O-O {The position is equal.} 9. Nf1 Be6 10. Bb5 Bb6 11. Ng3 Nd7 12. h3 Ne7 13. d4 f5 14. exf5 Nxf5 {[#]} 15. Kh2 $146 ({Predecessor:} 15. Nxf5 Rxf5 16. Bd3 Rf8 17. Be3 Bd5 18. Nh2 exd4 19. cxd4 Nf6 20. Ng4 Qd7 21. Bg6 {½-½ (44) So,W (2767)-Nakamura,H (2745) chess.com INT 2020}) 15... Nh4 16. Nxh4 Qxh4 17. Re4 Qe7 {With the idea ...c6.} 18. d5 Bf5 19. Nxf5 Rxf5 20. Qg4 Rf7 21. Bxd7 Qxd7 22. Qxd7 Rxd7 23. f4 Rf7 24. fxe5 Rf1 25. e6 c6 26. c4 cxd5 27. cxd5 Rc8 (27... Rd1 $15) 28. b3 {And now Bb2 would win.} Rf2 $2 {[%mdl 8192] [#] This move loses the game for Black.} ({But not} 28... Rfxc1 $2 29. Rxc1 Rxc1 30. e7 $18) (28... Bg1+ $11 {and Black has nothing to worry.} 29. Kg3 Bf2+ 30. Kg4 Rd1) 29. Bf4 $18 Bc5 (29... Kh7 $142 30. b4 Re8) 30. Rc1 {White is clearly winning.} b6 31. Rxc5 bxc5 32. Bxd6 Rd2 33. e7 {[#] Hoping for Rf4.} Re8 34. Rf4 {Weighted Error Value: White=0.05/Black=0.45} 1-0

[Event "Speed Chess Championship 2020"]
[Site "Online"]
[Date "2020.12.04"]
[Round "2.15"]
[White "Carlsen, Magnus"]
[Black "Artemiev, Vladislav"]
[Result "1-0"]
[WhiteElo "2862"]
[BlackElo "2708"]
[Annotator "TA"]
[PlyCount "115"]
[EventDate "2020.10.31"]
[EventType "k.o."]
[EventCountry "NET"]
[SourceTitle "playchess.com"]
[Source "ChessBase"]
[SourceQuality "1"]

{[%evp 9,115,-4,4,-19,-25,-26,0,1,0,5,5,0,2,0,16,0,0,0,0,-2,14,24,67,38,62,50,56,53,61,-18,-23,-30,0,-6,-8,-1,0,0,0,0,0,0,42,39,33,-20,-6,-58,-56,-56,-56,-89,-85,-91,-93,-107,-62,-111,-105,-124,-123,-169,-158,-192,-88,-230,-230,-415,-407,-391,-399,-402,-385,-453,-446,-530,-503,-474,-466,-683,-689,-550,-527,-946,-921,-1246,-1226,-1145,-1164,-1098,-784,-777,-778,-769,-743,-741,0,0,0,0,0,0,29987,29988,29990,29988,29992,29988]} 1. d4 Nf6 2. Bf4 d5 3. e3 c5 4. Nc3 cxd4 5. exd4 a6 6. Bd3 {B13: Caro-Kann: Exchange Variation and Panov-Botvinnik Attack.} Nc6 7. Nce2 Bg4 8. c3 {The position is equal.} e6 9. Qd2 Bh5 10. Ng3 Bg6 11. Nf3 Bd6 {[#]} 12. Bxd6 $146 ({Predecessor:} 12. Bxg6 hxg6 13. h3 Qc7 14. Bxd6 Qxd6 15. Qe3 Nd7 16. O-O Na5 17. b3 O-O 18. h4 {0-1 (60) Vujnovic,P (2082)-Van der Linden,L (2329) Split 2019}) 12... Qxd6 13. O-O Bxd3 14. Qxd3 h5 15. Rfe1 O-O-O 16. Nf1 h4 17. N1d2 Qf4 18. b4 g5 19. Ne5 (19. Rab1 $14) 19... Nxe5 $11 20. dxe5 {Threatens to win with g3.} Nd7 21. Qd4 Kb8 22. g3 Qf5 23. g4 Qf4 24. Qxf4 gxf4 25. c4 Nb6 26. c5 $1 {[%cal Rc5b6]} Na4 27. Nf3 (27. h3 $14) 27... h3 28. Kf1 (28. Rac1 $11) 28... Rhg8 29. g5 Nc3 30. a3 Ne4 31. Ke2 Nxg5 32. Rg1 Ne4 33. Nd4 Kc7 34. Kf3 Kd7 35. a4 Rc8 36. a5 Ke7 (36... f6 $19 {and Black stays clearly on top.} 37. exf6 e5) 37. Kxf4 (37. Ne2 $17 {was worth a try.}) 37... Nxf2 $19 38. Raf1 $2 (38. Nf3) 38... Rxg1 39. Rxg1 {[%mdl 4096] Endgame KRN-KRN} Nd3+ {[%mdl 64] [#] Double Attack} 40. Ke3 Nxe5 41. Rg7 Nc6 42. Nxc6+ bxc6 {KR-KR} (42... Rxc6 $2 43. Kd4 $19) 43. Rh7 Rb8 44. Rh4 (44. Rxh3 $142 Rxb4 45. Rh8) 44... e5 45. Rh6 f6 46. Rh7+ Ke6 47. Rc7 Rxb4 48. Rxc6+ Kf5 49. Rxa6 Rb3+ 50. Kf2 Rb2+ 51. Kg3 d4 52. Rd6 Rc2 $2 ({Black should play} 52... Rb3+ $19 53. Kh4 Rb5) 53. c6 $11 {[#] Hoping for a6.} d3 $1 {[%mdl 512]} 54. a6 {a7 is the strong threat.} (54. Rxd3 Rxc6) 54... d2 $1 {aiming for ...Rxc6!} 55. a7 Ra2 $2 {[%mdl 8192]} (55... Rc3+ $11 56. Kf2 Rxc6) 56. c7 {White mates.} Ra3+ 57. Kf2 Ra2 58. Ke2 {Weighted Error Value: White=0.37/Black=0.28} 1-0

[Event "Speed Chess Championship 2020"]
[Site "Online"]
[Date "2020.11.19"]
[Round "2.15"]
[White "So, Wesley"]
[Black "Duda, Jan-Krzysztof"]
[Result "1-0"]
[WhiteElo "2816"]
[BlackElo "2743"]
[Annotator "TA"]
[PlyCount "71"]
[EventDate "2020.10.31"]
[EventType "k.o."]
[EventCountry "NET"]
[SourceTitle "playchess.com"]
[Source "ChessBase"]
[SourceQuality "1"]

{[%evp 15,71,18,22,35,31,35,66,58,77,73,72,74,86,74,88,76,74,91,77,77,68,64,64,50,58,38,47,44,36,40,51,38,33,30,43,20,41,37,40,30,35,0,36,41,58,57,57,26,26,24,49,29,28,22,26,23,23,16]} 1. d4 Nf6 2. c4 g6 3. g3 Bg7 4. Bg2 d5 5. Nf3 O-O 6. O-O dxc4 7. Na3 c3 8. bxc3 c5 9. Bb2 $1 {[%mdl 4] 9.Bb2 is setting a new trend. D77: Fianchetto Grünfeld: 6 0-0: Replies other than 6...c6.} Nc6 10. Re1 Bf5 {[#]} 11. d5 $1 {[%mdl 512] White is slightly better.} Nxd5 (11... Qxd5 12. Qxd5) 12. e4 Bxe4 13. Rxe4 Nxc3 14. Bxc3 Bxc3 15. Rb1 Qxd1+ 16. Rxd1 Rad8 17. Rb1 b6 {[#]} 18. Nb5 $146 ({Predecessor:} 18. Bf1 Kg7 19. Ra4 Bf6 20. Kg2 h5 21. h4 e6 22. Bb5 Na5 23. Nc4 Nxc4 24. Bxc4 Rd7 25. Ra6 {1-0 (49) Cottegnie,F (2424)-Salcedo Mederos,P (2348) ICCF email 2011}) 18... Bf6 19. Ra4 Rd7 20. h4 Na5 21. Ng5 e6 22. Ne4 Be7 23. Nec3 Rfd8 24. Bf1 Kg7 25. Be2 h6 26. Kf1 g5 27. hxg5 hxg5 28. Kg2 Rh8 29. Na3 Bf6 30. Ne4 Rhd8 31. Nb5 {White wants to play Nxc5.} Be7 $1 32. g4 Nc6 33. Bf3 Na5 34. Rc1 Rh8 35. Rc2 Rhd8 36. Be2 {[%mdl 32768] Weighted Error Value: White=0.07/Black=0.06. Loss on time!?} 1-0

[Event "Speed Chess Championship 2020"]
[Site "Online"]
[Date "2020.12.03"]
[Round "2.15"]
[White "Vachier-Lagrave, Maxime"]
[Black "Aronian, Levon"]
[Result "1/2-1/2"]
[WhiteElo "2784"]
[BlackElo "2781"]
[Annotator "TA"]
[PlyCount "97"]
[EventDate "2020.10.31"]
[EventType "k.o."]
[EventCountry "NET"]
[SourceTitle "playchess.com"]
[Source "ChessBase"]
[SourceQuality "1"]

{[%evp 16,97,17,22,16,4,4,11,11,14,7,7,14,7,14,22,22,24,21,4,7,0,27,25,23,18,31,14,14,0,0,-6,0,-5,-6,-6,0,-28,-28,-39,-26,-26,-28,-31,0,-31,-29,-49,-47,-56,-56,-71,-43,-52,-57,-60,-26,-32,-24,-35,0,-7,0,-11,-9,-9,-9,-22,0,0,0,0,0,0,0,0,0,0,0,-5,-5,-5,-5,-5]} 1. e4 e5 2. Nf3 Nc6 3. Bb5 Nf6 4. O-O Nxe4 5. Re1 Nd6 6. Nxe5 Be7 7. Bf1 Nxe5 8. Rxe5 O-O 9. d4 Ne8 {C67: Ruy Lopez: Berlin Defence: 4 0-0 Nxe4.} 10. Nc3 {[%cal Bb1c3,Bc3e2,Be2f4][%mdl 32]} Bf6 11. Re1 d5 12. Ne2 c6 13. c3 {[#]} Bg4 $146 ({Predecessor:} 13... g6 14. Nf4 Ng7 15. g3 Bf5 16. Ng2 Qb6 17. Ne3 Rfe8 18. Nxf5 Nxf5 19. Bd3 Rxe1+ 20. Qxe1 {½-½ (31) Anand,V (2768)-Aronian,L (2767) Saint Louis 2018}) 14. Qb3 Qb6 15. Nf4 Nc7 16. Qc2 g6 17. Bd3 Rfe8 18. Bd2 Ne6 19. h3 Nxf4 20. Bxf4 Bd7 21. Re3 Rxe3 22. fxe3 Re8 23. Rf1 Bg7 24. c4 dxc4 25. Bxc4 Be6 26. b3 Qd8 27. Rf3 Bd5 28. Bxd5 Qxd5 29. Qc4 Qd7 30. Bg3 Re6 31. Bf2 h5 32. Qd3 Qd5 33. Qc4 b5 34. Qc2 Bh6 35. Qc3 Bf8 36. Bg3 c5 37. Be5 c4 38. bxc4 {The position is equal.} bxc4 39. Rf2 Bg7 40. Bxg7 $1 Kxg7 $11 {[%mdl 4096] Endgame KQR-KQR} 41. Rc2 g5 42. Qxc4 Qxc4 43. Rxc4 Rxe3 {KR-KR} 44. Ra4 Re7 45. Ra6 f6 46. d5 Rd7 47. Kf2 Rxd5 48. Rxa7+ Kg6 49. a4 {Weighted Error Value: White=0.06/Black=0.06} 1/2-1/2

[Event "Speed Chess Championship 2020"]
[Site "Online"]
[Date "2020.12.04"]
[Round "2.15"]
[White "Nakamura, Hikaru"]
[Black "Fedoseev, Vladimir"]
[Result "1-0"]
[WhiteElo "2736"]
[BlackElo "2676"]
[Annotator "TA"]
[PlyCount "67"]
[EventDate "2020.10.31"]
[EventType "k.o."]
[EventCountry "NET"]
[SourceTitle "playchess.com"]
[Source "ChessBase"]
[SourceQuality "1"]

{[%evp 13,67,84,103,111,117,108,106,104,85,55,62,54,54,56,57,58,77,79,74,69,80,70,77,85,73,81,75,68,93,104,230,255,245,252,329,334,344,249,463,464,462,440,685,663,675,658,845,834,1025,975,1195,1170,1773,1730,2214,2158]} 1. d4 f5 2. Nc3 Nf6 3. e4 fxe4 4. Bg5 d5 5. Bxf6 exf6 6. Qh5+ g6 7. Qxd5 Bb4 8. Qxe4+ {A83: Dutch Defence: Staunton Gambit with 3 Nc3 Nf6 4 Bg5.} Kf7 9. O-O-O $5 {[%mdl 4] Leaves trodden paths.} Bxc3 10. bxc3 {White is better.} Re8 11. Bc4+ Kg7 12. Qd5 Qe7 13. Nf3 Be6 14. Qb5 {Black must now prevent Rhe1.} ({Don't blunder} 14. Qxb7 $2 Bxc4 15. Rhe1 (15. Qxa8 Qa3+ {[%mdl 64] Double Attack} 16. Kb1 Qxa2+ 17. Kc1 Qa1+ {[%mdl 64] Double Attack} 18. Kd2 Re2#) 15... Qa3+ 16. Kd2 Na6 $19) 14... c6 15. Qb3 $1 Bxc4 16. Qxc4 Nd7 17. Rhe1 $36 {[%mdl 2048] White is pushing.} Qa3+ 18. Kb1 Nb6 19. Qb3 $1 {[%cal Rb3a3] [#]} Qa5 $146 ({Predecessor:} 19... Qd6 20. c4 Qf4 21. Re3 Rxe3 22. fxe3 Qc7 23. d5 Rd8 24. Nd4 Qe5 25. Ne6+ Qxe6 26. dxe6 Rxd1+ 27. Kb2 c5 28. Qb5 Kf8 29. Qxc5+ Ke8 30. Qc7 {1-0 (30) Stirpe,C (2037)-Sipione,L (1970) Rome 2014}) 20. Ka1 Nd5 {[#]} 21. c4 $1 {[%cal Rc4d5]} Nc3 {[#] This costs Black the game.} (21... Qc3+ $16 {was necessary.} 22. Qxc3 Nxc3) 22. Rxe8 $1 $18 Rxe8 23. Rd3 Na4 24. Qxb7+ {[%mdl 64] Double Attack} Kg8 25. Qb3 ({Not} 25. Re3 Rxe3 26. Qb8+ (26. fxe3 Qc3+ 27. Kb1 Qa3 $11) 26... Kg7 $11) 25... c5 $2 (25... Nb6 26. d5 c5) 26. Qb5 {White is clearly winning.} Qxb5 27. cxb5 {[%mdl 4096] Endgame KRN-KRN} c4 (27... a6 $142 28. bxa6 Ra8 29. dxc5 Rxa6 30. Rd8+ Kf7) 28. Ra3 Nb6 29. Rxa7 Re2 30. Kb2 Rxf2 31. a4 {[%cal Ba2a4,Ba4a5][%mdl 32]} Nd5 32. a5 Ne3 33. Ne1 Re2 34. b6 {Weighted Error Value: White=0.06/Black=0.40} 1-0

[Event "Speed Chess Championship 2020"]
[Site "Online"]
[Date "2020.12.03"]
[Round "2.16"]
[White "Aronian, Levon"]
[Black "Vachier-Lagrave, Maxime"]
[Result "1-0"]
[WhiteElo "2781"]
[BlackElo "2784"]
[Annotator "TA"]
[PlyCount "99"]
[EventDate "2020.10.31"]
[EventType "k.o."]
[EventCountry "NET"]
[SourceTitle "playchess.com"]
[Source "ChessBase"]
[SourceQuality "1"]

{[%evp 13,99,0,0,-8,0,-3,0,-5,-7,-13,0,0,0,0,16,12,0,-25,2,0,20,12,23,10,16,8,24,13,43,12,40,0,36,32,83,91,86,0,5,-3,7,10,37,31,47,41,49,56,95,109,239,35,127,62,161,91,89,17,97,23,33,43,39,13,214,213,214,210,656,299,306,289,5047,4893,4929,4909,4702,1940,1342,915,905,879,819,785,29994,5247,29995,29990]} 1. e4 c5 2. Nf3 d6 3. Bc4 Nf6 4. d3 g6 5. O-O Bg7 6. h3 O-O 7. Nc3 Nc6 8. a3 $1 {[%mdl 4] now scores much better than the old 8.Be3. B30: Sicilian: 2...Nc6 3 Bb5, lines without ...g6.} b6 9. Ba2 Bb7 10. Re1 {The position is equal.} e6 11. Bf4 {[#]} a6 $146 ({Predecessor:} 11... d5 12. e5 Nd7 13. Nb5 Qb8 14. Qe2 Nd8 15. Qd2 Bc6 16. Nc3 d4 17. Ne4 Nxe5 18. Nxe5 Bxe5 19. Nf6+ Kh8 20. Bxe5 Qb7 21. Qh6 Bxg2 22. Qxh7# {1-0 (22) Zaytsev,E (1686)-Gheng,H (1218) Gerlingen 2007}) 12. Qd2 Re8 13. Bh6 Rc8 14. Bxg7 Kxg7 15. Rad1 b5 16. Ne2 Qc7 17. Ng3 Ne5 18. Nh2 Ned7 19. f4 Red8 (19... b4 $5) 20. c3 a5 21. Nf3 b4 22. Ng5 {Black must now prevent Bxe6!} Nf8 (22... h6 $5 {[%cal Rh6g5]} 23. Nf3 Qb6 $11) 23. Qf2 d5 (23... bxc3 $14 24. bxc3 h6) 24. e5 $16 Ng8 25. d4 (25. axb4 $16 axb4 26. cxb4) 25... bxa3 $11 26. bxa3 cxd4 27. cxd4 Qc2 28. Rd2 Qc3 29. Bb1 {And now f5! would win.} Ne7 30. Rd3 Qc7 31. h4 $1 h6 (31... Kg8 $16) 32. Nh3 $2 (32. Nxf7 $1 $18 Kxf7 33. h5) 32... Nf5 (32... Rb8 $14) 33. h5 (33. Nxf5+ $16 exf5 34. h5) 33... Qe7 ({Black should play} 33... Ba6 $1 $14 34. Rf3 Qe7) 34. hxg6 ({White should try} 34. Nxf5+ $1 $18 exf5 35. hxg6 fxg6 36. Rg3) 34... fxg6 $16 35. Rb3 (35. Nxf5+ $16 exf5 36. Rb3) 35... Rc7 (35... a4 $11 {keeps the balance.} 36. Rb4 Rd7) 36. Rb6 ({Better is} 36. Ne2 $1 $16) 36... Rdc8 37. Nxf5+ exf5 38. g4 fxg4 $2 (38... Qxa3 $11 {and Black stays safe.} 39. Qh4 Qf3) 39. f5 $18 gxf5 40. Nf4 (40. Bxf5 $6 gxh3 41. Rf6 Nh7) 40... Qg5 $2 {[#]} (40... Rc6 41. Rxc6 (41. Nxd5 Qf7 $14) 41... Bxc6) 41. Bxf5 (41. Rg6+ $142 $1 {[%mdl 512]} Nxg6 42. Ne6+ {[%mdl 64] Double Attack} Kh8 43. Nxg5 hxg5 44. Qxf5 {[%mdl 64] Double Attack}) 41... g3 ({Of course not} 41... Qxf5 42. Ne6+ $1 {[%mdl 512]} Qxe6 43. Rxe6 $18) 42. Qf3 Rc1 $2 (42... Re8 43. Nh5+ Kh8) 43. Rxb7+ Kh8 44. Bxc8 Rxe1+ 45. Kg2 Rc1 46. Bh3 {Strongly threatening Rb8!} Rc2+ 47. Kg1 {Threatens to win with Rb8!} Rc1+ {[#]} 48. Bf1 $1 {Intending Rb8! and mate.} Qf5 {[#]} 49. Qxg3 (49. Ng6+ $142 $1 {[%mdl 512]} Nxg6 (49... Qxg6 50. Qxf8+) 50. Qxf5 Ne7 51. Rxe7 Rxf1+ 52. Qxf1 Kg8 53. Qf7+ {[%mdl 64] Double Attack} Kh8 54. Qh7#) 49... Ne6 50. Rb8+ {Weighted Error Value: White=0.41/Black=0.69} 1-0

[Event "Speed Chess Championship 2020"]
[Site "Online"]
[Date "2020.11.19"]
[Round "2.16"]
[White "Duda, Jan-Krzysztof"]
[Black "So, Wesley"]
[Result "0-1"]
[WhiteElo "2743"]
[BlackElo "2816"]
[Annotator "TA"]
[PlyCount "74"]
[EventDate "2020.10.31"]
[EventType "k.o."]
[EventCountry "NET"]
[SourceTitle "playchess.com"]
[Source "ChessBase"]
[SourceQuality "1"]

{[%evp 11,74,35,26,26,38,-2,33,20,28,0,2,-6,0,0,-2,-81,-53,-46,-54,-56,-48,-76,-70,-104,-66,-143,-143,-158,-163,-136,-160,-148,-136,-157,-164,-150,-164,-233,-233,-247,-258,-238,-245,-260,-237,-206,-170,-156,-169,-169,-136,-157,-157,-139,-128,-253,-158,-143,-123,-558,-558,-545,-546,-767,-731]} 1. d4 Nf6 2. c4 e6 3. Nf3 d5 4. Nc3 c5 5. cxd5 cxd4 6. Qxd4 exd5 7. e4 {[%cal Re4d5] D41: Queen's Gambit Declined: Semi-Tarrasch with 5 cxd5.} dxe4 8. Qxd8+ Kxd8 9. Ng5 {White is slightly better.} Be6 {[#]} 10. Be3 $146 ({Predecessor:} 10. Nxe6+ fxe6 11. Bg5 h6 12. O-O-O+ Ke7 13. Bh4 Kf7 14. Rd8 g5 15. Bg3 Bg7 16. Rxh8 Bxh8 {½-½ (40) Wojtaszek,R (2719)-Edouard,R (2649) Biel 2020}) 10... Bb4 11. O-O-O+ Ke7 12. Nxe6 ({Reject} 12. Ncxe4 Bxa2 13. Bd3 (13. Bc5+ $2 Bxc5 14. Nxc5 Rc8 $19) 13... Nc6 $17) 12... fxe6 13. Nb5 (13. Nxe4 $11 {keeps the balance.} Nxe4 14. Rd4 {[%mdl 64] Double Attack}) 13... a6 14. Nd4 Nbd7 15. Kb1 Rac8 16. g3 Ng4 17. Bh3 Ndf6 18. Nc2 (18. Bxg4 $15 Nxg4 19. Nb3) 18... Bc5 $17 {aiming for ...Bxe3.} 19. Rd2 Bxe3 20. Nxe3 Nxe3 21. fxe3 Rhd8 22. Rhd1 {intending Rxd8.} Rxd2 23. Rxd2 {[%mdl 4096] Endgame KRB-KRN} Rc5 24. Rc2 (24. Bg2 {is a better defense.}) 24... Rh5 $19 25. Bf1 Nd5 26. Re2 Kd6 27. a3 Nf6 28. Kc1 Ng4 29. h3 Rc5+ 30. Kd1 Rd5+ 31. Ke1 Ne5 32. Rc2 b5 33. Bg2 (33. Be2 $17) 33... Nd3+ 34. Ke2 Rc5 35. Rd2 $2 {[%mdl 8192] [#]} (35. Rxc5 $17 {was the crucial defense.} Kxc5 36. Bxe4 Nxb2 37. Bxh7) 35... Ke5 {Black is clearly winning.} 36. g4 g5 37. b4 Rc3 {Weighted Error Value: White=0.48/Black=0.11} 0-1

[Event "Speed Chess Championship 2020"]
[Site "Online"]
[Date "2020.12.04"]
[Round "2.16"]
[White "Artemiev, Vladislav"]
[Black "Carlsen, Magnus"]
[Result "1-0"]
[WhiteElo "2708"]
[BlackElo "2862"]
[Annotator "TA"]
[PlyCount "107"]
[EventDate "2020.10.31"]
[EventType "k.o."]
[EventCountry "NET"]
[SourceTitle "playchess.com"]
[Source "ChessBase"]
[SourceQuality "1"]

{[%evp 13,107,3,9,5,20,10,18,11,23,20,8,-2,10,0,33,38,162,0,14,10,0,-22,-30,-27,3,7,10,14,16,14,21,0,0,0,0,0,0,0,2,0,11,8,102,116,114,96,93,93,112,110,108,116,112,89,97,91,196,199,192,184,284,282,288,276,364,290,340,236,433,426,544,555,518,347,470,473,467,426,603,601,562,525,602,552,597,522,543,443,560,550,907,872,815,801,29997,29998]} 1. Nf3 Nf6 2. b3 g6 3. Bb2 Bg7 4. g3 b6 5. Bg2 Bb7 6. O-O O-O 7. c4 e6 8. Nc3 {A15: English Opening: 1...Nf6.} Na6 9. e3 Qe7 10. Qe2 {The position is equal.} c5 11. d4 d5 {[#]} 12. Ne5 $146 ({Predecessor:} 12. cxd5 exd5 13. a3 Nc7 14. Rfd1 Rfd8 15. Rac1 Ba6 16. Qe1 Ne6 17. Na4 Bb5 18. Nc3 {0-1 (37) Praggnanandhaa,R (2455)-Iturrizaga Bonelli,E (2673) Sharjah 2017}) 12... Rfd8 13. Rfd1 cxd4 14. exd4 dxc4 {[#]} (14... Nb4 $14) 15. bxc4 (15. Ba3 $1 $18 {[%cal Ra3e7][%mdl 512]} Qc7 (15... Qxa3 16. Bxb7) 16. Nb5 (16. bxc4 Bxg2 17. Kxg2 Nd7 $14)) 15... Bxg2 $11 16. Kxg2 Qb7+ 17. Qf3 Qxf3+ 18. Kxf3 Rdc8 19. Rac1 {[%cal Ba1c1,Bc1c2,Bc2e2,Be2e6][%mdl 32]} Bh6 20. Rc2 Nb4 21. Re2 Nc6 22. Nxc6 Rxc6 23. d5 Rxc4 24. dxe6 fxe6 25. Rxe6 Bg7 26. Nb5 Rf8 {White must now prevent ...Ng4+.} 27. Ba3 Ne4+ (27... Rb8 $11) 28. Bxf8 $16 {White now steadily converts the win.} Ng5+ 29. Kg2 Nxe6 30. Bxg7 {Hoping for Bh6.} Kxg7 {[%mdl 4096] Endgame KRN-KRN} 31. Rd7+ Kf6 32. Rxa7 h5 33. Ra6 Rc6 34. Na7 Rd6 {[#]} (34... Rc7 $16) 35. Nc8 $1 $18 {[%cal Rc8d6]} Rd2 36. Nxb6 ({Don't do} 36. Rxb6 $6 Rxa2 37. h4 Ra4 $16) 36... Rc2 (36... g5 $142 37. Ra5 Kg6) 37. Nd5+ Ke5 38. Ra5 Ke4 39. Nf6+ Kd3 40. Re5 Nd4 $2 (40... Nc5 41. Kf3 Kd4) 41. Nd5 Rb2 42. Nf4+ {[%mdl 64] Double Attack} Kc4 43. Re4 Kc3 44. Nxg6 Rxa2 45. Nf4 h4 (45... Ra5 $142 46. h4 Nb3) 46. g4 Ra5 47. h3 Nc2 48. Re8 Kd2 49. Re2+ Kc3 50. Re7 Kd2 51. Rd7+ Ke1 52. Kf3 {Threatening mate with Ng2+.} Ra3+ 53. Rd3 {Rxa3 is the strong threat.} Ra4 54. Ng2+ {[%mdl 64] Double Attack.  Weighted Error Value: White=0.23/Black=0.38} 1-0